000 00714cam a2200229 a 4500
005 20131119111237.0
008 870810s1988 maua b 001 0 eng
020 _a0805309039
041 0 _aeng
080 _a004
_x(075.8)
100 1 _aBrookshear, J. Glenn.
245 1 0 _aComputer science :
_cJ. Glenn Brookshear.
250 _a2nd ed.
260 _aReading, Mass. :
_bBenjamin / Cummings Pub. Co.,
_cc1988.
300 _a 493 f. :
_bme il. ;
_c24 cm.
440 4 _aThe Benjamin/Cummings series in structured programming
500 _a Parathënie : f. V-VIII. Includes index.
504 _aBibliography: f. 484-486.
650 0 _aComputer science.
650 0 _aKompjutere
942 _2udc
_cBK
999 _c23
_d23